Premier League U-23 Players - Statistics

General Stats
  • This quiz has been taken 25 times
  • The average score is 64 of 175
Answer Stats
Position Club Nation Player % Correct
FW Chelsea England Callum Hudson-Odoi
93%
MF Manchester United Wales Daniel James
93%
DF Chelsea England Reece James
93%
MF Arsenal England Bukayo Saka
86%
MF Arsenal England Emile Smith Rowe
86%
MF Chelsea England Mason Mount
86%
MF Manchester City England Phil Foden
86%
FW Chelsea United States Christian Pulisic
79%
MF Liverpool England Curtis Jones
79%
DF Arsenal Brazil Gabriel Magalhaes
79%
FW Manchester United England Mason Greenwood
79%
FW Everton Italy Moise Kean
79%
DF Liverpool England Trent Alexander-Arnold
79%
DF Arsenal England Ben White
71%
FW Manchester City Spain Ferran Torres
71%
FW Liverpool England Harvey Elliott
71%
FW Manchester United England Jadon Sancho
71%
FW Chelsea Germany Kai Havertz
71%
FW Manchester United England Marcus Rashford
71%
MF Wolves England Morgan Gibbs-White
71%
FW Leicester City Zambia Patson Daka
71%
GK Brighton & Hove Albion Spain Robert Sanchez
71%
DF Manchester United Portugal Diogo Dalot
64%
MF Brighton & Hove Albion Zambia Enock Mwepu
64%
DF Chelsea Wales Ethan Ampadu
64%
FW Arsenal Brazil Gabriel Martinelli
64%
DF Liverpool France Ibrahima Konate
64%
DF Leicester Ciy England James Justin
64%
DF Arsenal Portugal Nuno Tavares
64%
FW Arsenal England Reiss Nelson
64%
DF Leicester City France Wesley Fofana
64%
MF Brighton & Hove Albion Argentina Alexis Mac Allister
57%
DF Manchester United England Brandon Williams
57%
GK Liverpool Ireland Caoimhin Kelleher
57%
FW Arsenal England Eddie Nketiah
57%
DF Aston Villa England Ezri Konsa
57%
MF Leicester City England Harvey Barnes
57%
GK Leeds United France Illan Meslier
57%
FW Watford Senegal Ismaila Sarr
57%
DF Tottenham Hotspur Wales Joe Rodon
57%
DF Leicester City England Luke Thomas
57%
DF Chelsea France Malang Sarr
57%
DF Liverpool Wales Neco Williams
57%
DF Liverpool England Rhys Williams
57%
DF Brighton & Hove Albion England Tariq Lamptey
57%
DF Crystal Palace England Tyrick Mitchell
57%
DF Manchester United England Aaron Wan-Bissaka
50%
MF Arsenal Belgium Albert Sambi Lokonga
50%
DF Aston Villa England Axel Tuanzebe
50%
DF Everton England Ben Godfrey
50%
MF Crystal Palace England Conor Gallagher
50%
MF West Ham United England Declan Rice
50%
MF Aston Villa Brazil Douglas Luiz
50%
MF Crystal Palace England Eberechi Eze
50%
FW Wolves Portugal Fabio Silva
50%
MF Manchester United Tunisia Hannibal Mejbri
50%
MF Brighton & Hove Albion Poland Jakub Moder
50%
DF Crystal Palace England Marc Guehi
50%
MF Tottenham Hotspur England Oliver Skipp
50%
FW Wolves Portugal Pedro Neto
50%
FW Tottenham Hotspur Netherlands Steven Bergwijn
50%
FW Chelsea England Tammy Abraham
50%
FW Brighton & Hove Albion Ireland Aaron Connolly
43%
MF Manchester United Ivory Coast Amad Diallo
43%
FW Manchester United Sweden Anthony Elanga
43%
FW Everton England Anthony Gordon
43%
MF Southampton France Ibrahima Diallo
43%
DF Brentford Scotland Lewis Gordon
43%
MF Newcastle United England Matty Longstaff
43%
DF Southampton Ghana Mohammed Salisu
43%
MF Brighton & Hove Albion Ecuador Moises Caicedo
43%
MF Newcastle United England Sean Longstaff
43%
MF Brighton & Hove Albion Colombia Steven Alzate
43%
MF Everton England Tom Davies
43%
MF Brentford Germany Vitaly Janelt
43%
MF Arsenal England Ainsley Maitland-Niles
36%
FW Southampton Albania Armando Broja
36%
DF West Ham United England Ben Johnson
36%
MF Norwich City Scotland Billy Gilmour
36%
DF Tottenham Hotspur United States Cameron Carter-Vickers
36%
MF Burnley England Dwight McNeil
36%
MF Arsenal England Joe Willock
36%
DF Wolves Netherlands Ki-Jana Hoever
36%
MF Brentford England Myles Peart-Harris
36%
DF Burnley Ireland Nathan Collins
36%
DF Leeds United Netherlands Pascal Struijk
36%
FW Wolves Italy Patrick Cutrone
36%
DF Wolves France Rayan Ait-Nouri
36%
DF Southampton France Romain Perraud
36%
DF Southampton England Tino Livramento
36%
MF Norwich City England Todd Cantwell
36%
MF Leicester City France Boubakary Soumare
29%
MF Brentford France Bryan Mbeumo
29%
MF Newcastle United Scotland Elliot Anderson
29%
FW Watford Nigeria Emmanuel Dennis
29%
FW Arsenal England Folarin Balogun
29%
MF Brentford Nigeria Frank Onyeka
29%
GK Southampton England Harry Lewis
29%
MF Aston Villa England Jacob Ramsey
29%
DF Newcastle United Northern Ireland Jamal Lewis
29%
FW Watford Brazil Joao Pedro
29%
GK Everton Portugal Joao Virginia
29%
FW Norwich City United States Josh Sargent
29%
GK Brighton & Hove Albion Netherlands Kjell Scherpen
29%
DF Brentford Norway Kristoffer Ajer
29%
DF Norwich City England Max Aarons
29%
MF Crystal Palace France Michael Olise
29%
FW Southampton Mali Moussa Djenepo
29%
DF Crystal Palace England Nathan Ferguson
29%
FW Norwich City Ireland Adam Idah
21%
DF Norwich City Ireland Andrew Omobamidele
21%
FW Norwich City Greece Christos Tzolis
21%
FW Wolves Portugal Francisco Trincao
21%
MF Tottenham Hotspur England Jack Clarke
21%
MF Manchester United England James Garner
21%
MF Brentford Czech Republic Jan Zamburek
21%
DF Tottenham Hotspur England Japhet Tanganga
21%
FW Brentford Finland Marcus Forss
21%
DF Manchester United England Teden Mengi
21%
FW Leeds United Wales Tyler Roberts
21%
MF Southampton Ireland Will Smallbone
21%
FW Brighton & Hove Albion Switzerland Andi Zeqiri
14%
MF Liverpool Wales Ben Woodburn
14%
FW Watford Colombia Cucho Hernandez
14%
GK Newcastle United England Dan Langley
14%
MF Watford Portugal Domingos Quina
14%
DF Brentford Wales Finley Stevens
14%
DF West Ham United Denmark Frederik Alves
14%
MF Leeds United England Ian Poveda
14%
MF Watford France Imran Louza
14%
MF Norwich City Denmark Jacob Sorensen
14%
DF Chelsea England Jake Clarke-Salter
14%
MF Crystal Palace England Jesurun Rak-Sakyi
14%
MF Brentford England Josh Dasilva
14%
GK Leeds United Norway Kristoffer Klaesson
14%
DF Brentford Denmark Mads Bech Sorensen
14%
DF Brentford Denmark Mads Roerslev
14%
FW Southampton Ireland Michael Obafemi
14%
DF Brighton & Hove Albion Poland Michal Karbownik
14%
MF Southampton England Nathan Tella
14%
DF Everton France Niels Nkounkou
14%
MF Norwich City Poland Przemyslaw Placheta
14%
MF Tottenham Hotspur England Ryan Sessegnon
14%
MF Brentford Grenada Shandon Baptiste
14%
FW Manchester United England Shola Shoretire
14%
DF Southampton France Yan Valery
14%
DF Wolves Colombia Yerson Mosquera
14%
GK Wolves Denmark Andreas Sondergaard
7%
GK Arsenal England Arthur Okonkwo
7%
GK Norwich City England Aston Oxborough
7%
DF Norwich City England Bali Mumba
7%
DF Brentford England Dominic Thompson
7%
FW Brentford Turkey Halil Dervisoglu
7%
MF Leicester City England Hamza Choudhury
7%
MF Leeds United England Jamie Shackleton
7%
DF Everton England Jarrad Branthwaite
7%
DF Watford England Jeremy Ngakia
7%
FW Aston Villa England Keinan Davis
7%
FW Watford England Kwadwo Baah
7%
DF Brentford Denmark Luka Racic
7%
MF Brentford Denmark Mads Bidstrup
7%
GK Liverpool Brazil Marcelo Pitaluga
7%
DF Watford England Mattie Pollock
7%
MF Norwich City France Melvin Sitti
7%
MF Crystal Palace England Nya Kirby
7%
MF Wolves United States Owen Otasowie
7%
GK Brentford Iceland Patrik Gunnarsson
7%
DF Crystal Palace England Reece Hannam
7%
DF Crystal Palace England Sam Woods
7%
MF Chelsea England Tino Anjorin
7%
MF Wolves Portugal Bruno Jordao
0%
FW Everton England Ellis Simms
0%
FW Watford England Joseph Hungbo
0%
MF Norwich City England Kieran Dowell
0%
MF Brentford England Maxwell Haygarth
0%
No matching quizzes found
Score Distribution
Percent of People with Each Score
Percentile by Number Answered
Your Score History
You have not taken this quiz